| 000 | 00641 a2200205 4500 | ||
|---|---|---|---|
| 005 | 20240513154059.0 | ||
| 010 | _aB-759017 | ||
| 020 |
_a8122408346 _c0.00 |
||
| 035 | _aB-759017 | ||
| 037 | _bGift/Unesco | ||
| 082 | _a362.50954 | ||
| 245 |
_aUrban India in crisis/ _cEdited by- Kulwant Singh [and] Florian Steinberg |
||
| 260 |
_aNew Delhi _bNew Age International Limited _c1996 |
||
| 270 | _bNew Delhi | ||
| 300 |
_axxix, 465 p. _c24cm (Hb) |
||
| 700 |
_aKulwant Singh _966125 |
||
| 700 |
_aSteinberg, Florian _966126 |
||
| 942 |
_adpl _cEN _2ddc _h362.50954 _mURB |
||
| 999 |
_c202837 _d202837 |
||